Junto a Jesús cada día (Record no. 29499)

MARC details
000 -LEADER
campo de control de longitud fija 00630mm a2200217a 44500
001 - NÚMERO DE CONTROL
campo de control NM030192
003 - IDENTIFICADOR DE NÚMERO DE CONTROL
campo de control RG CODE MARC
008 - DATOS DE LONGITUD FIJA--INFORMACIÓN GENERAL
campo de control de longitud fija 25020s2002 ||||||||||||||000 | spa||
005 - FECHA Y HORA DE LA ÚLTIMA TRANSACCIÓN
campo de control 20251028183346.0
020 ## - NÚMERO INTERNACIONAL ESTÁNDAR DEL LIBRO
Número Internacional Estándar del Libro 0-311-40057-4
040 ## - FUENTE DE CATALOGACIÓN
Centro catalogador/agencia de origen ORG CODE MARC
100 ## - ENTRADA PRINCIPAL--NOMBRE DE PERSONA
Nombre de persona Canclini, Arnoldo
9 (RLIN) 38
245 ## - MENCIÓN DEL TÍTULO
Título Junto a Jesús cada día
Mención de responsabilidad, etc. Arnoldo Canclini , editado por Juan Carlos Cevallos, y Hermes Soto
250 ## - MENCION DE EDICION
Mención de edición 1ª ed.
260 ## - PUBLICACIÓN, DISTRIBUCIÓN, ETC.
Lugar de publicación, distribución, etc. El Paso, Tex.
Nombre del editor, distribuidor, etc. Mundo Hispano
300 ## - DESCRIPCIÓN FÍSICA
Extensión ca. 400 p.
Otras características físicas il. ; 16 cm.
653 ## - TÉRMINO DE INDIZACIÓN--NO CONTROLADO
Término no controlado DEVOCIONALES
700 ## - ENTRADA AGREGADA--NOMBRE PERSONAL
Nombre de persona Cevallos, Juan Carlos
9 (RLIN) 14061
700 ## - ENTRADA AGREGADA--NOMBRE PERSONAL
Nombre de persona Soto, Hermes
9 (RLIN) 41024
942 ## - ELEMENTOS DE ENTRADA SECUNDARIOS (KOHA)
Tipo de ítem Koha Colección General
Holdings
Estatus retirado Estado de pérdida Estado de daño No para préstamo Biblioteca de origen Biblioteca actual Fecha de adquisición Total de préstamos Código de barras Visto por última vez Precio de reemplazo Tipo de ítem Koha
        Biblioteca Pluis Biblioteca Pluis 28/10/2025   047249 28/10/2025 28/10/2025 Colección General